00405nam a2200109Ia 4500082001500000245005700015100006000072942000700132008004100139999001900180952009600199 a658.3 JOUB 0aTalent management : deliberate practice for success  a JOUBERT, Danie Randburg, South Africa, 2007 912594 cBK210817s9999 xx 000 0 und d c231299d231300 00104070aBETHLbBETHLd2021-08-18g200.00l0p33228024043380r2021-08-18w2021-08-18yBK